LEADING CHANGE (Record no. 31772)
[ view plain ]
| 000 -LEADER | |
|---|---|
| fixed length control field | 00336nam a2200133Ia 4500 |
| 008 - FIXED-LENGTH DATA ELEMENTS--GENERAL INFORMATION | |
| fixed length control field | 240624s9999 xx 000 0 und d |
| 041 ## - LANGUAGE CODE | |
| Language code of text/sound track or separate title | eng |
| 082 ## - DEWEY DECIMAL CLASSIFICATION NUMBER | |
| Classification number | 658.406 KOT |
| 100 ## - MAIN ENTRY--PERSONAL NAME | |
| Personal name | KOTTER JOHN P |
| 245 ## - TITLE STATEMENT | |
| Title | LEADING CHANGE |
| 260 ## - PUBLICATION, DISTRIBUTION, ETC. | |
| Date of publication, distribution, etc. | 1996 |
| Place of publication, distribution, etc. | Boston |
| Name of publisher, distributor, etc. | Harvard Business School Press |
| 300 ## - PHYSICAL DESCRIPTION | |
| Extent | x, , 187 , 23 , p. : cm. |
| 365 ## - TRADE PRICE | |
| Currency code | |
| Withdrawn status | Lost status | Damaged status | Not for loan | Home library | Current library | Shelving location | Date acquired | Cost, normal purchase price | Full call number | Barcode | Date last seen | Price effective from | Koha item type |
|---|---|---|---|---|---|---|---|---|---|---|---|---|---|
| IMTN | IMTN | Rack 31-A | 05/15/2019 | 24.95 | 658.406 KOT | 31772 | 06/24/2024 | 06/24/2024 | Books |